LEADER 00957nam0-22003011i-450- 001 990004371430403321 005 20051020114146.0 010 $a88-425-1641-4 035 $a000437143 035 $aFED01000437143 035 $a(Aleph)000437143FED01 035 $a000437143 100 $a19990604d1994----km-y0itay50------ba 101 0 $aita 105 $af-------00--- 200 1 $a<>poetesse di Dio$eL'esperienza mistica femminile nel Medioevo$fGeorgette Epiney-Burgard, Emilie Zum Brunn$gedizione italiana a cura di Donatella Bremer Buono 210 $aMilano$cMursia$dc1994 215 $a259 p., c. di tav.$d22 cm 676 $a248.220922$v21$zita 700 1$aEpiney-Burgard,$bGeorgette$0175035 701 1$aZum Brunn,$bEmilie$0175036 801 0$aIT$bUNINA$gRICA$2UNIMARC 901 $aBK 912 $a990004371430403321 952 $a248.22 EPI 1$bBIBL.31623$fFLFBC 959 $aFLFBC 996 $aPoetesse di Dio$9540874 997 $aUNINA LEADER 00819nam0-22002891i-450- 001 990003867990403321 035 $a000386799 035 $aFED01000386799 035 $a(Aleph)000386799FED01 035 $a000386799 100 $a19960715d--------km-y0itay50------ba 101 0 $aeng 102 $aIT 200 1 $aConflict and Poverty in Sub-Saharan Africa$eAn Assessment of the Issues and Evidence$fRobin Luckham...[et al.] 225 1 $aIDS working papers$v128 610 0 $aGuerra e società 610 0 $aPovertà$aAfrica 676 $a19700 676 $a20140 700 1$aLuckham,$bRobin$0120893 801 0$aIT$bUNINA$gRICA$2UNIMARC 901 $aBK 912 $a990003867990403321 952 $aPaper$fSES 959 $aSES 996 $aConflict and Poverty in Sub-Saharan Africa$9514002 997 $aUNINA